LEADER 00631nam0 2200205 450 001 000003380 005 20050630115900.0 100 $a--------d1969----km-y0itay50------ba 101 $aeng 102 $aUS 200 1 $aObstacles to change in Latin America$fedited by Claudio Veliz 210 $aLondon$aOxford$aNew York$cOxford university press$d1969 215 $aVIII, 263 p.$d21 cm 610 1 $aAmerica latina$aSviluppo economico 676 $a338.98 702 1$aVeliz,$bClaudio 801 0$aIT $bUNIPARTHENOPE $gRICA $2UNIMARC 912 $a000003380 996 $aObstacles to change in Latin America$91223556 997 $aUNIPARTHENOPE LEADER 00913nam0 2200277 450 001 000019471 005 20081117162635.0 010 $a88-15-02089-6 100 $a20081117d1989----km-y0itay50------ba 101 0 $aita 102 $aIT 105 $ay-------001yy 200 1 $aImposte e finanziamento delle imprese$fSilvia Giannini 210 $aBologna$cIl mulino$d1989 215 $a199 p.$d22 cm 225 2 $a<>nuova scienza$hSerie di economia 410 0$12001$a<>nuova scienza 500 10$aImposte e finanziamento delle imprese$934193 610 1 $aAziende e imposte 676 $a338.43$v20$9Industrie secondarie e servizi. Aspetti finanziari e prezzi 700 1$aGiannini,$bSilvia$0437838 801 0$aIT$bUNIPARTHENOPE$c20081117$gRICA$2UNIMARC 912 $a000019471 951 $a324/70$b6494$cNAVA2$d2008 996 $aImposte e finanziamento delle imprese$934193 997 $aUNIPARTHENOPE